00520nam a2200181Ia 450000500170000000800410001702000300005804000190008804100120010708200160011910000160013524500770015126000450022830000130027350400190028665000230030585000100032820231220102833.0140110s9999 xx 000 0 und d a9781857885705cRs.1195.00 aLoreto College aEnglish a302.23bPAR aParry,Roger 4aThe ascent of mediabFrom Gilgamesh to Google via GutenbergcRoger Parry aLondonbNicholas Brealey Publishngc2011 aix,406p  aIncludes index aMass media-History aLCLIB